000 00276nam a22001217a 4500
008 180125b xxu||||| |||| 00| 0 eng d
041 _aeng
080 _a574 BAR
100 _a9
101 _aMJE
245 _aKentucky agricultural statistics
_cBarkley,A.W
942 _2udc
_cBK
999 _c40968
_d40968